| 000 | 01114nam a22002177a 4500 | ||
|---|---|---|---|
| 999 |
_c18008 _d18008 |
||
| 003 | BDDh-ASL | ||
| 005 | 20231015025653.0 | ||
| 008 | 200917s1988 b ||||| b||| 00| 0 b d | ||
| 040 |
_aBDDh-ASL _cBDDh-ASL _dBDDh-ASL |
||
| 041 | _abengali | ||
| 082 |
_a297.154 _bTAB |
||
| 100 |
_9845 _aতারাচাঁদ |
||
| 245 | 0 |
_aভারতীয় সংস্কৃতিতে ইসলামের প্রভাব/ _cতারাচাঁদ; করুণাময় গোস্বামী (অনু.)। |
|
| 246 | _aBharatiya Sanskritite islamer Prabhab. | ||
| 260 |
_aঢাকা: _bবাংলা একাডেমী, _c১৯৮৮। |
||
| 300 |
_aচৌদ্দ, ২৩০ পৃষ্ঠা: _c২১ সে. মি.। |
||
| 504 | _aগ্রন্থপঞ্জি সংযুক্ত। | ||
| 650 | 0 |
_9847 _aভারতে মুসলমানদে সমাজ সংস্কৃতি _xইসলাম ধর্ম _xভারতে মুসলমানদের আগমন |
|
| 700 | 1 | 0 |
_aগোস্বামী, করুণাময় _9846 |
| 942 |
_2ddc _cBK |
||